000
00326 a2200121 4500
999
_c
9760
_d
9760
008
220525b ||||| |||| 00| 0 eng d
020
_a
9781133490609
082
_a
744
_b
MOR
100
_a
Fred S. Kleiner
245
_a
Gardner's Art through the Ages - A Concise Global History
260
_b
Cengage Learning
_c
2012
942
_2
ddc